| 000 -LEADER |
| fixed length control field |
00348nam a22001217a 4500 |
| 008 - FIXED-LENGTH DATA ELEMENTS--GENERAL INFORMATION |
| fixed length control field |
250428b ||||| |||| 00| 0 eng d |
| 020 ## - INTERNATIONAL STANDARD BOOK NUMBER |
| International Standard Book Number |
9781837716838 |
| 082 ## - DEWEY DECIMAL CLASSIFICATION NUMBER |
| Classification number |
032 AUT |
| 100 ## - MAIN ENTRY--PERSONAL NAME |
| Personal name |
DICKER,KATIE |
| Relator term |
PUBLISHER |
| 245 ## - TITLE STATEMENT |
| Title |
THE TOTALLY DISGUSTING BOOKS OF GRUESOME FACTS |
| 260 ## - PUBLICATION, DISTRIBUTION, ETC. |
| Place of publication, distribution, etc. |
COTTAGE FARM NN6 0BJ,UK |
| Name of publisher, distributor, etc. |
AUTUMN PUBLISHING |
| Date of publication, distribution, etc. |
2023 |
| 942 ## - ADDED ENTRY ELEMENTS (KOHA) |
| Source of classification or shelving scheme |
|